Tilastot visalle Venäjän naapurimaat

Klikkaa tästä pelataksesi tätä visaa!

Yleistilastot

  • Tätä visaa on pelattu 2 132 kertaa
  • Keskiarvotulos 12 / 14

Vastaustilastot

Rajan pituus (km)Maa% Oikein
1 313Suomi
99%
3 645Kiina
97%
1 576Ukraina
94%
290Viro
93%
292Latvia
92%
3 441Mongolia
91%
959Valko-Venäjä
91%
227Liettua
91%
6 846Kazakstan
89%
196Norja
87%
18Pohjois-Korea
77%
723Georgia
71%
432Puola
67%
284Azerbaidžan
61%

Tulosjakauma

Persentiili vastausten määrän mukaan

Jokaisen tuloksen saaneiden osuus

Tuloshistoriasi

Et ole pelannut tätä visaa